000 00641nam a22001937a 4500
999 _c20300
_d20300
003 AR-CdUCM
008 190528b ||||| |||| 00| 0 spa d
040 _aMUNICIPALIDAD PROVINCIAL DEL CUSCO
_cBIBLIOTECA MUNICIPAL DEL CUSCO
082 _a301 /
_bB17
245 _aBalance de la labor del partido desde la ultíma asamblea nacional /
260 _aPerú :
_c1960.
300 _a164 páginas ;
_c22 cm.
505 _aContenido: Aprobar una plataforma -- Acordar votar -- La linea del desarrollo...
650 _aComunismo
_9495
650 _aPerú
_92178
650 _aTrabajadores
_98056
942 _2ddc
_cLIBROS
945 _aJavier